000 00822nam a22002417a 4500
003 DO-SdBNP
005 20211021105604.0
007 ta
008 210906b2018 dr a|||| |||| 00| 0 spa d
020 _a9789945906448
040 _aDO-SdBNP
_bspa
_cBNPHU
082 4 _222
100 1 _aMarmolejos Malena, Erily Mariel,
_979746
_d1983-
245 1 0 _aCero dietas :
_bguía para un estilo de vida saludable /
_cErily Mariel Marmolejos Malena ; prólogo Keila González Báez.
260 _aSanto Domingo :
_bBien-Etre Media Group,
_c2018.
300 _a144 p. :
_bil. ;
_c23 cm.
504 _aBibliografía : p. 141
590 _aInventariado, 2021 /LP
590 _aLa biblioteca posee 2 ejemplar autografiado por la autora.
700 1 _aGonzález Báez, Keila,
_epról.
_979747
910 _aLP
942 _2ddc
_cLBS1
999 _c50414
_d50414